00189nam a22000857a 4500082001400000100002300014245004600037260001100083300000900094 a297.17MAZ aDr Mahar abdul Haq aEducational philosophy of the Holy Quran aLahore a330p